000 004010000a22001210004500
090 _aAS
_bSeriadas
245 1 0 _aHongos de Colombia - VII: Leotiaceae - IV: Hymenoscyphus caudatus and related species from Colombia and Adjacent regions
041 0 _aInglés
700 1 _aCarpenter, S. E.
_996191
100 1 _aDumont, Kent P.
_996188
942 _cARTICULO
773 1 _tCaldasia
_345
_h64
_q567-602
_d1982
_g13
999 _c14517
_d14517